Diseño y desarrollo curricular

محفوظ في:
التفاصيل البيبلوغرافية
المؤلف الرئيسي: Zabalza, Miguel Angel (مؤلف)
التنسيق: كتاب
اللغة:الإسبانية
منشور في: Madrid Narcea 1995
الطبعة:6a. ed
سلاسل:Educación Hoy
الموضوعات:
الوسوم: إضافة وسم
لا توجد وسوم, كن أول من يضع وسما على هذه التسجيلة!

MARC

LEADER 00000nam a2200000 a 4500
001 UCS3529
003 CL-VaPUC
008 970704e19950000SP |||||||||||||||||spa|d
082 0 4 |a 372.19  |b ZAB  |2 21 
100 0 |a Zabalza, Miguel Angel  |e author  |9 389677 
245 1 0 |a Diseño y desarrollo curricular 
250 |a 6a. ed 
300 |a 311 p 
942 |c BK 
945 |d 19970704 00:00:00  |a rleighto 
260 |a Madrid  |b Narcea  |c 1995 
650 0 |a Diseño curricular  |9 378490 
650 0 |a Reforma educacional   |9 256319 
650 0 |a Currículo  |9 307290 
650 7 |a EVALUACION CURRICULAR  |2 CL-VaPUC  |9 308585 
583 |a last modification  |c 19970704 00:00:00  |k Rodrigo Vera 
490 0 |a Educación Hoy 
999 |c 261193  |d 261191 
952 |0 0  |1 0  |4 0  |6 372_190000000000000_ZAB_1995  |7 0  |8 A  |9 288436  |a BIBEDU  |b BIBEDU  |d 2019-11-19  |i 3329739  |o 372.19 ZAB 1995  |p 3329739  |r 2019-11-19  |w 2019-11-19  |y BK  |k EPE 
952 |0 0  |1 0  |4 0  |6 372_190000000000000_ZAB_1995  |7 0  |8 A  |9 288437  |a BIBEDU  |b BIBEDU  |d 2019-11-19  |i 3495159  |o 372.19 ZAB 1995  |p 3495159  |r 2019-11-19  |w 2019-11-19  |y BK  |k BME